<?xml version="1.0" encoding="UTF-8"?>
<record
    xmlns:xsi="http://www.w3.org/2001/XMLSchema-instance"
    xsi:schemaLocation="http://www.loc.gov/MARC21/slim http://www.loc.gov/standards/marcxml/schema/MARC21slim.xsd"
    xmlns="http://www.loc.gov/MARC21/slim">

  <leader>03431nam a2200541Ia 4500</leader>
  <controlfield tag="001">2710</controlfield>
  <controlfield tag="008">241029s9999    xx            000 0 und d</controlfield>
  <datafield tag="010" ind1=" " ind2=" ">
    <subfield code="a">2542</subfield>
  </datafield>
  <datafield tag="041" ind1=" " ind2=" ">
    <subfield code="a">Espa&#xF1;ol</subfield>
  </datafield>
  <datafield tag="082" ind1=" " ind2=" ">
    <subfield code="a">ST MA-AECO 0001 FH 2000</subfield>
  </datafield>
  <datafield tag="245" ind1=" " ind2="0">
    <subfield code="a">Nivel de Efectividad de la Gesti&#xF3;n Educativa y Estilos de Direcci&#xF3;n de Directores de Centros Educativos P&#xFA;blicos de la Educaci&#xF3;n B&#xE1;sica en el Municipio de San Pedro de Macor&#xED;s</subfield>
  </datafield>
  <datafield tag="260" ind1=" " ind2=" ">
    <subfield code="a">San Pedro de Macor&#xED;s</subfield>
  </datafield>
  <datafield tag="300" ind1=" " ind2=" ">
    <subfield code="a">106</subfield>
  </datafield>
  <datafield tag="520" ind1=" " ind2=" ">
    <subfield code="a">1</subfield>
  </datafield>
  <datafield tag="630" ind1=" " ind2=" ">
    <subfield code="a">Centros Educativos</subfield>
  </datafield>
  <datafield tag="630" ind1=" " ind2=" ">
    <subfield code="a">Efectividad</subfield>
  </datafield>
  <datafield tag="630" ind1=" " ind2=" ">
    <subfield code="a">Gesti&#xF3;n</subfield>
  </datafield>
  <datafield tag="650" ind1=" " ind2=" ">
    <subfield code="a">Gesti&#xF3;n Educativa</subfield>
  </datafield>
  <datafield tag="690" ind1=" " ind2=" ">
    <subfield code="a">Sintetizado</subfield>
  </datafield>
  <datafield tag="700" ind1=" " ind2=" ">
    <subfield code="e">asesor</subfield>
    <subfield code="a">de los Santos,  Saturnino</subfield>
  </datafield>
  <datafield tag="700" ind1=" " ind2=" ">
    <subfield code="e">autor</subfield>
    <subfield code="a">Santana Ortiz, Francisco</subfield>
  </datafield>
  <datafield tag="901" ind1=" " ind2=" ">
    <subfield code="a">{"1":"Santana Ortiz"}</subfield>
    <subfield code="b">{"1":"Francisco"}</subfield>
  </datafield>
  <datafield tag="902" ind1=" " ind2=" ">
    <subfield code="a">1</subfield>
  </datafield>
  <datafield tag="903" ind1=" " ind2=" ">
    <subfield code="a">{"1":"de los Santos"}</subfield>
    <subfield code="b">{"1":" Saturnino"}</subfield>
  </datafield>
  <datafield tag="904" ind1=" " ind2=" ">
    <subfield code="a">Maestr&#xED;a en</subfield>
  </datafield>
  <datafield tag="905" ind1=" " ind2=" ">
    <subfield code="a">Educaci&#xF3;n</subfield>
  </datafield>
  <datafield tag="906" ind1=" " ind2=" ">
    <subfield code="a">1</subfield>
  </datafield>
  <datafield tag="907" ind1=" " ind2=" ">
    <subfield code="a">Concentraci&#xF3;n en</subfield>
  </datafield>
  <datafield tag="908" ind1=" " ind2=" ">
    <subfield code="a">Administraci&#xF3;n</subfield>
  </datafield>
  <datafield tag="909" ind1=" " ind2=" ">
    <subfield code="a">Universidad Aut&#xF3;noma de Santo Domingo (UASD)</subfield>
  </datafield>
  <datafield tag="910" ind1=" " ind2=" ">
    <subfield code="a">NULL</subfield>
    <subfield code="b">NULL</subfield>
  </datafield>
  <datafield tag="911" ind1=" " ind2=" ">
    <subfield code="a">["1"]</subfield>
  </datafield>
  <datafield tag="912" ind1=" " ind2=" ">
    <subfield code="a">NO APLICA</subfield>
  </datafield>
  <datafield tag="913" ind1=" " ind2=" ">
    <subfield code="a">NULL</subfield>
  </datafield>
  <datafield tag="914" ind1=" " ind2=" ">
    <subfield code="a">01 de Marzo de 2000</subfield>
  </datafield>
  <datafield tag="915" ind1=" " ind2=" ">
    <subfield code="a">NULL</subfield>
  </datafield>
  <datafield tag="916" ind1=" " ind2=" ">
    <subfield code="a">NULL</subfield>
  </datafield>
  <datafield tag="917" ind1=" " ind2=" ">
    <subfield code="a">NULL</subfield>
  </datafield>
  <datafield tag="918" ind1=" " ind2=" ">
    <subfield code="a">NO APLICA</subfield>
  </datafield>
  <datafield tag="919" ind1=" " ind2=" ">
    <subfield code="a">["33","219","111"]</subfield>
  </datafield>
  <datafield tag="520" ind1=" " ind2=" ">
    <subfield code="a">La realizaci&#xF3;n del presente estudio estuvo motivada por la preocupaci&#xF3;n del autor por encontrarle respuesta a una serie de interrogantes referidas a la gesti&#xF3;n educativa y al estilo de direcci&#xF3;n, as&#xED; como a aspectos profesionales y demogr&#xE1;ficos de directores de centros educativos.El enfoque de esta investigaci&#xF3;n estuvo orientado por objetivos, variables e indicadores que se concentraron esencialmente en el proceso de gesti&#xF3;n educativa y no en los resultados.El prop&#xF3;sito central del estudio fue: Determinar la percepci&#xF3;n del nivel de efectividad de la gesti&#xF3;n educativa de directores de centros educativos p&#xFA;blicos de la Educaci&#xF3;n B&#xE1;sica en el Municipio de San Pedro de Macor&#xED;s; los estilos de direcci&#xF3;n que aplican y su actitud hacia la gesti&#xF3;n de la informaci&#xF3;n en el centro educativo. As&#xED; mismo, identificar y describir caracter&#xED;sticas profesionales y demogr&#xE1;ficas de directores/as y caracter&#xED;sticas administrativas de los centros educativos.Se utiliz&#xF3; un dise&#xF1;o descriptivo, la poblaci&#xF3;n de inter&#xE9;s estuvo constituida por 33 directores y 375 maestros/as, de los cuales se tom&#xF3; una muestra de 190 maestros y la totalidad de los directores.Los resultados del estudio revelan que tanto directores como maestros tienen una percepci&#xF3;n bastante alta sobre la gesti&#xF3;n educativa que se realiza en los centros educativos del Municipio.Los resultados tambi&#xE9;n incluyen informaciones relativas a importantes aspectos profesionales y demogr&#xE1;ficos de directores y maestros, tales como: nivel acad&#xE9;mico, a&#xF1;os en servicio, edad, sexo, ingreso econ&#xF3;mico, entrenamiento que han recibido, forma en que lleg&#xF3; al puesto, t&#xED;tulo universitario fuera de educaci&#xF3;n y cursos que podr&#xED;an ayudar a directores/as a mejorar la calidad de su gesti&#xF3;n y, categor&#xED;a de los centros educativos.Adem&#xE1;s, basado en los resultados, formula algunas recomendaciones orientadas a mejorar cualitativamente la gesti&#xF3;n educativa de directores de centros educativos.</subfield>
  </datafield>
  <datafield tag="921" ind1=" " ind2=" ">
    <subfield code="a">16</subfield>
  </datafield>
  <datafield tag="922" ind1=" " ind2=" ">
    <subfield code="a">16</subfield>
  </datafield>
  <datafield tag="923" ind1=" " ind2=" ">
    <subfield code="a">0</subfield>
  </datafield>
  <datafield tag="924" ind1=" " ind2=" ">
    <subfield code="a">NO APLICA</subfield>
  </datafield>
  <datafield tag="942" ind1=" " ind2=" ">
    <subfield code="c">Tesis</subfield>
  </datafield>
  <datafield tag="999" ind1=" " ind2=" ">
    <subfield code="c">2542</subfield>
    <subfield code="d">2542</subfield>
  </datafield>
</record>
